Geography Quiz

Random Geography or State Quiz

Which is the US State Capital? Quiz Stats

 Plays Quiz Updated Nov 14, 2016

Challenge
Share
Tweet
Embed
Score 0/50 Timer 05:00
207 Plays Today
Question Answer Wrong Answers
Hawaii Honolulu
93.3%
Mililani
0.5%
Kailua
0.7%
Pearl City
0.6%
Arkansas Little Rock
93.2%
Fayetteville
1.5%
Fort Smith
1.2%
Springdale
2.2%
Arizona Phoenix
92.8%
Tucson
4.4%
Mesa
0.6%
Glendale
0.8%
Colorado Denver
91.8%
Aurora
1.2%
Aspen
1.2%
Boulder
2.9%
California Sacramento
91.4%
San Diego
1.3%
San Francisco
2.3%
Los Angeles
2.7%
Idaho Boise
90.8%
Nampa
1.7%
Meridian
1.1%
Pocatello
1.1%
Alaska Juneau
90.1%
Anchorage
5.6%
Fairbanks
2.2%
Nome
1.2%
Indiana Indianapolis
90.1%
Fort Wayne
2.1%
Evansville
0.9%
Gary
1.2%
Mississippi Jackson
87.1%
Gulfport
1%
Southaven
1.1%
Vicksburg
1.5%
Alabama Montgomery
86.8%
Birmingham
8.2%
Mobile
2.9%
Tuscaloosa
1.8%
Florida Tallahassee
86.5%
Tampa Bay
1%
Miami
3.4%
Jacksonville
5.3%
Connecticut Hartford
85.9%
New Haven
4.9%
Bridgeport
2.7%
Stamford
3.2%
Delaware Dover
85.3%
Wilmington
4.9%
Newark
4.5%
Middletown
1.7%
Iowa Des Moines
85.2%
Cedar Rapids
1.8%
Davenport
3.7%
Sioux City
3.3%
Illinois Springfield
84.2%
Chicago
6.9%
Rockford
2.7%
Naperville
0.8%
Massachusetts Boston
83%
Worcester
1.2%
Springfield
6.9%
Lowell
0.8%
Utah Salt Lake City
81%
Provo
1.5%
Orem
0.8%
Ogden
1%
Louisiana Baton Rouge
80.8%
New Orleans
8%
Shreveport
1.4%
Lafayette
2.7%
Georgia Atlanta
80.7%
Savannah
2.6%
Columbus
4.2%
Augusta
8.3%
Montana Helena
80.4%
Billings
4.6%
Missoula
2.4%
Butte
2.5%
New York Albany
79.9%
New York City
5.3%
Buffalo
1.7%
Rochester
1.3%
New Hampshire Concord
78.9%
Nashua
1.7%
Manchester
6.8%
Merrimack
1.5%
Maine Augusta
78.7%
Portland
9.6%
Bangor
2.9%
Lewiston
1.4%
North Dakota Bismarck
77.7%
Fargo
5.6%
Grand Forks
2.7%
Minot
1.5%
Rhode Island Providence
77.6%
Pawtucket
1.3%
Warwick
1.6%
Newport
5.6%
Oklahoma Oklahoma City
77.5%
Tulsa
7.6%
Norman
1%
Lawton
0.9%
Nebraska Lincoln
77.2%
Omaha
9.4%
Hastings
2.2%
Kearney
0.8%
Nevada Carson City
76.8%
Las Vegas
5.4%
Reno
5%
Henderson
2.1%
Ohio Columbus
76.4%
Cleveland
6.3%
Cincinnati
2.8%
Akron
1.8%
Virginia Richmond
76%
Norfolk
3.5%
Virginia Beach
1.5%
Chesapeake
2.5%
New Mexico Santa Fe
76%
Albuquerque
10.9%
Las Cruces
0.8%
Roswell
0.7%
Maryland Annapolis
75.8%
Baltimore
12.6%
Frederick
2%
Silver Spring
1.8%
Kentucky Frankfort
74.8%
Louisville
10.2%
Lexington
7.5%
Bowling Green
0.7%
Texas Austin
74.7%
Houston
4.3%
San Antonio
1.8%
Dallas
3.8%
Wyoming Cheyenne
74.7%
Cody
1.4%
Casper
3.6%
Laramie
2.6%
New Jersey Trenton
74.6%
Newark
7.5%
Jersey City
4.2%
Atlantic City
2.3%
Kansas Topeka
73.3%
Kansas City
15.5%
Wichita
4.5%
Olathe
0.5%
West Virginia Charleston
72.8%
Huntington
4.5%
Parkersburg
2.5%
Morgantown
3%
Minnesota St. Paul
72.2%
Minneapolis
16.1%
Duluth
1.4%
St. Cloud
1.4%
Vermont Montpelier
72.1%
Burlington
7.5%
Colchester
1.9%
Bennington
2.5%
North Carolina Raleigh
72.1%
Charlotte
11.8%
Greensboro
1.6%
Durham
2.3%
Michigan Lansing
71.9%
Detroit
13%
Grand Rapids
2.8%
Ann Arbor
3.8%
South Dakota Pierre
71.6%
Rapid City
4%
Aberdeen
2%
Sioux Falls
7.6%
Wisconsin Madison
71.4%
Green Bay
2.9%
Milwaukee
7.1%
Kenosha
1%
Washington Olympia
69.9%
Seattle
7.6%
Spokane
2.8%
Tacoma
3%
Tennessee Nashville
69.4%
Memphis
8.3%
Knoxville
5.4%
Chattanooga
1.8%
Pennsylvania Harrisburg
69%
Pittsburgh
6.7%
Philadelphia
9.6%
Allentown
1.2%
Oregon Salem
68.7%
Portland
13.5%
Eugene
3.6%
Beaverton
1.1%
Missouri Jefferson City
65.7%
St. Louis
12.4%
Kansas City
4.6%
Columbia
7.8%
South Carolina Columbia
55.3%
Charleston
27%
Greenville
2.4%
Sumter
1%

You're not logged in!

Compare scores with friends on all Sporcle quizzes.
OR
Log In

You Might Also Like...

Show Comments

Extras

Top Quizzes Today


Score Distribution

Your Account Isn't Verified!

In order to create a playlist on Sporcle, you need to verify the email address you used during registration. Go to your Sporcle Settings to finish the process.

Report this User

Report this user for behavior that violates our Community Guidelines.

Details: